Dostupná zdravotná starostlivosť

Podrobná bibliografia
Médium: Článok
Jazyk:slovenčina
Predmet:

MARC

LEADER 00000nab a2200000 ar4500
001 vtls011550576
003 SK-MaSNL
005 20260305040120.0
008 160506c 2014xo mr|p|||||||000 b|slo
038 |a SNSK 
040 |b slo  |c SNSK  |e AACR2 
041 |a slo 
044 |a xo  |c SK 
080 |a 364.69  |2 2011 
080 |a 616-08-021.161  |2 2011 
080 |a 069.444  |2 2011 
245 0 0 |a Dostupná zdravotná starostlivosť  |c [autor] (rano) 
650 0 7 |a zdravotná starostlivosť  |2 snsk  |9 1303 
650 0 7 |a zdravotné strediská  |2 snsk  |9 1016789 
650 0 7 |a Opravy a rekonštrukcie  |2 snsk  |9 1044953 
651 7 |a Hrabušice (Slovensko)  |2 snsk  |9 31254 
651 7 |a Spišská Nová Ves (Slovensko : okres)  |2 snsk  |9 22259 
773 0 |t Hrabušičan : obecný informačný spravodaj  |g Roč. 4, č. 4 (Júl - august 2014), s. 2 
852 |a SNSK  |b KIS3GCP 
999 |c 3336768  |d 3338698